1953: NFL Teams with the Least Points - Statistics

General Stats
  • This quiz has been taken 5 times
  • The average score is 3 of 5
Answer Stats
Number of points NFL Team % Correct
190 Chicago Cardinals
100%
200 Green Bay Packers
75%
182 Baltimore Colts
50%
179 New York Giants
50%
208 Washington Redskins
50%
No matching quizzes found
Score Distribution
Percent of People with Each Score
Percentile by Number Answered
Your Score History
You have not taken this quiz